Faculty of Law Library — Cairo University

Official Online Catalog

Les juridictions internationales complémentacomplémentaritérité Ou concurrence / (Record no. 69948)

MARC details
000 -LEADER
fixed length control field 01133nam a2200325 i 4500
003 - CONTROL NUMBER IDENTIFIER
control field EG-GICUC
005 - DATE AND TIME OF LATEST TRANSACTION
control field 20260410145552.0
008 - FIXED-LENGTH DATA ELEMENTS--GENERAL INFORMATION
fixed length control field 260410s2005 be ||||fr|||| 00| 0 fre d
040 ## - CATALOGING SOURCE
Original cataloging agency EG-GiCUC
Language of cataloging fre
Transcribing agency EG-GiCUC
Modifying agency EG-GiCUC
Description conventions Rda
043 ## - GEOGRAPHIC AREA CODE
Geographic area code be#
082 04 - DEWEY DECIMAL CLASSIFICATION NUMBER
Edition number 21
Classification number 341
Item number D E . J
092 04 - LOCALLY ASSIGNED DEWEY CALL NUMBER (OCLC)
Edition number 21
Classification number 341
099 ## - LOCAL FREE-TEXT CALL NUMBER (OCLC)
Classification number Law1 11 341 D E . J 2005
100 1# - MAIN ENTRY--PERSONAL NAME
Personal name delas, olivier
Relator term Auteur
245 13 - TITLE STATEMENT
Title Les juridictions internationales complémentacomplémentaritérité Ou concurrence /
Statement of responsibility, etc. Sous la direction de Olivier delas, René Cute, François Crépeau, Peter Leuprecht ; Préface du Juge Gilbert
264 #1 - PRODUCTION, PUBLICATION, DISTRIBUTION, MANUFACTURE, AND COPYRIGHT NOTICE
Place of production, publication, distribution, manufacture BRUXELLES :
Name of producer, publisher, distributor, manufacturer Bruylant,
Date of production, publication, distribution, manufacture, or copyright notice 2005.
300 ## - PHYSICAL DESCRIPTION
Extent 184 page :
Dimensions 24 cm.
336 ## - CONTENT TYPE
Source rda contenu
Content type term texte
337 ## - MEDIA TYPE
Source rda medias
Media type term Ordinateur
338 ## - CARRIER TYPE
Source transporteur rda
Carrier type term Ressource en ligne
504 ## - BIBLIOGRAPHY, ETC. NOTE
Bibliography, etc. note Bibliography: pages 200-250. 240-220
650 1# - SUBJECT ADDED ENTRY--TOPICAL TERM
Source of heading or term qrmak
651 1# - SUBJECT ADDED ENTRY--GEOGRAPHIC NAME
Source of heading or term qrmak
700 1# - ADDED ENTRY--PERSONAL NAME
Personal name delas, olivier
700 1# - ADDED ENTRY--PERSONAL NAME
Personal name René Cute
Relator term Co-Auteur
700 1# - ADDED ENTRY--PERSONAL NAME
Personal name Peter Leuprecht
Relator term Préfacier
856 40 - ELECTRONIC LOCATION AND ACCESS
Uniform Resource Identifier <a href="https://fll.law.cu.edu.eg/fulltext/bks/B11-09079.pdf">https://fll.law.cu.edu.eg/fulltext/bks/B11-09079.pdf</a>
905 ## - Cataloger and Reviser Names
Cataloger Name: Nermin
942 ## - ADDED ENTRY ELEMENTS (KOHA)
Source of classification or shelving scheme Dewey Decimal Classification
Koha item type Books
Edition 21
Suppress in OPAC No
Holdings
Withdrawn status Lost status Source of classification or shelving scheme Damaged status Not for loan Collection Home library Current library Date acquired Total checkouts Full call number Barcode Date last seen Copy number Price effective from Koha item type
    Dewey Decimal Classification   Not for loan القانون الدولي العام جــــامعة القــاهرة مكتبة كلية الحقوق - المبنى الرئيسي 10.04.2026   Law1 11 341 D E . J 2005 1109079 C1 B11-09079 10.04.2026 1 10.04.2026 Books

© All rights reserved — Faculty of Law, Cairo University